[Event "St Chely d'Aubrac op 8th"]
[Site "St Chely d'Aubrac"]
[Date "2008.07.19"]
[Round "9"]
[White "Saucey, Capucine"]
[Black "Cuq, Christian"]
[Result "1-0"]
[WhiteElo "1770"]
[BlackElo "1680"]
[PlyCount "54"]
[EventDate "2008.07.13"]
[EventType "swiss"]
[EventRounds "9"]
[EventCountry "FRA"]
[SourceTitle "CBM 125 Extra"]
[Source "ChessBase"]
[SourceDate "2008.09.01"]
[SourceVersion "1"]
[SourceVersionDate "2008.09.01"]
[SourceQuality "1"]

1. e4 d5 2. exd5 Qxd5 3. Nc3 Qa5 4. d4 Bf5 5. Bc4 Nf6 6. Nf3 e6 7. Bd2 c6 8. 0-0 Bd6 9. Ne4 Qd8 10. Nxd6+ Qxd6 11. Re1 0-0 12. c3 Nbd7 13. Ne5 Nd5 14. Qf3 N7f6 15. g4 Bg6 16. h4 h6 17. h5 Bh7 18. g5 Nd7 19. gxh6 Nxe5 20. dxe5 Qd7 21. hxg7 Kxg7 22. Bxd5 Rg8 23. Kh2 Qxd5 24. Rg1+ Kf8 25. Bh6+ Ke8 26. Rxg8+ Bxg8 27. Qxd5 cxd5 1-0

[Event "St Chely d'Aubrac op 8th"]
[Site "St Chely d'Aubrac"]
[Date "2008.07.17"]
[Round "7"]
[White "Tanguy, Fabien"]
[Black "Cuq, Christian"]
[Result "1-0"]
[WhiteElo "2062"]
[BlackElo "1680"]
[PlyCount "73"]
[EventDate "2008.07.13"]
[EventType "swiss"]
[EventRounds "9"]
[EventCountry "FRA"]
[SourceTitle "CBM 125 Extra"]
[Source "ChessBase"]
[SourceDate "2008.09.01"]
[SourceVersion "1"]
[SourceVersionDate "2008.09.01"]
[SourceQuality "1"]

1. b4 Nf6 2. Bb2 d6 3. c4 Bf5 4. Nf3 Nbd7 5. d3 e5 6. e4 Bg4 7. Be2 Be7 8. Nc3 Nh5 9. Nd5 c6 10. Ne3 Bxf3 11. Bxf3 Nf4 12. g3 Ne6 13. 0-0 Nf6 14. Nf5 Qc7 15. a4 Bf8 16. b5 g6 17. Ne3 Nd4 18. Bg2 Bg7 19. f4 0-0 20. Bxd4 exd4 21. Nc2 c5 22. Qd2 Rab8 23. a5 a6 24. b6 Qd7 25. h3 Kh8 26. Ne1 Rfe8 27. Kh2 Re7 28. Bf3 Rbe8 29. Bd1 Qc8 30. Ba4 Rd8 31. Nf3 Bh6 32. Rae1 Qb8 33. g4 d5 34. e5 Nh5 35. gxh5 f6 36. hxg6 fxe5 37. Nxe5 1-0

[Event "St Chely d'Aubrac op 8th"]
[Site "St Chely d'Aubrac"]
[Date "2008.07.16"]
[Round "6"]
[White "Cuq, Christian"]
[Black "Barillet, Lucien"]
[Result "1/2-1/2"]
[WhiteElo "1680"]
[BlackElo "1750"]
[PlyCount "87"]
[EventDate "2008.07.13"]
[EventType "swiss"]
[EventRounds "9"]
[EventCountry "FRA"]
[SourceTitle "CBM 125 Extra"]
[Source "ChessBase"]
[SourceDate "2008.09.01"]
[SourceVersion "1"]
[SourceVersionDate "2008.09.01"]
[SourceQuality "1"]

1. e4 c5 2. Nf3 d6 3. a3 Nf6 4. Nc3 a6 5. Bc4 e6 6. 0-0 Be7 7. d4 cxd4 8. Nxd4 Qc7 9. Be2 Nbd7 10. f4 b5 11. Bf3 Bb7 12. Re1 0-0 13. Kh1 Rad8 14. Qe2 Nb6 15. Nd1 d5 16. e5 Ne4 17. Be3 Nc4 18. c3 Bh4 19. Rf1 Qc8 20. b3 Nxe3 21. Qxe3 f5 22. Bxe4 dxe4 23. Rc1 Bd5 24. Nb2 Be7 25. b4 Bc4 26. Nxc4 Qxc4 27. Qe2 Kf7 28. Qxc4 bxc4 29. a4 g5 30. g3 Rc8 31. Rc2 Rfd8 32. b5 axb5 33. axb5 g4 34. Rb1 Bc5 35. Nc6 Rd3 36. Na5 Bb6 37. Nb7 Ke7 38. Rcc1 e3 39. Nd6 Rc7 40. Rb2 Rc5 41. Re2 Kd7 42. Rcc2 Rcd5 43. Nxc4 Rd1+ 44. Kg2 1/2-1/2

[Event "St Chely d'Aubrac op 8th"]
[Site "St Chely d'Aubrac"]
[Date "2008.07.15"]
[Round "4"]
[White "Cuq, Christian"]
[Black "Labarthe, Arnaud"]
[Result "0-1"]
[WhiteElo "1680"]
[BlackElo "1899"]
[PlyCount "84"]
[EventDate "2008.07.13"]
[EventType "swiss"]
[EventRounds "9"]
[EventCountry "FRA"]
[SourceTitle "CBM 125 Extra"]
[Source "ChessBase"]
[SourceDate "2008.09.01"]
[SourceVersion "1"]
[SourceVersionDate "2008.09.01"]
[SourceQuality "1"]

1. e4 d5 2. exd5 Nf6 3. Nf3 Qxd5 4. Nc3 Qd8 5. Be2 Bf5 6. d3 e6 7. Bg5 h6 8. Bh4 Nc6 9. a3 Be7 10. Bg3 Bd6 11. Qd2 Qe7 12. Bxd6 cxd6 13. 0-0 0-0 14. Rfe1 e5 15. Qc1 d5 16. Nd2 Rac8 17. Bf1 Rfe8 18. b4 Nxb4 19. axb4 Rxc3 20. Qb2 Rc6 21. Nf3 Qc7 22. Rxe5 Rxe5 23. Qxe5 Qxe5 24. Nxe5 Rxc2 25. Rxa7 Rc7 26. h3 Re7 27. d4 h5 28. Ba6 Re6 29. Bxb7 Rb6 30. Nc6 Be6 31. Ne7+ Kh7 32. Bc8 Rxb4 33. Bxe6 fxe6 34. Nc6 Rc4 35. Ra6 h4 36. Kf1 Nh5 37. Ke2 Nf4+ 38. Kf3 Nd3 39. Ke3 Ne1 40. g4 hxg3 41. fxg3 Nc2+ 42. Kd3 Rxc6 0-1

[Event "St Chely d'Aubrac op 8th"]
[Site "St Chely d'Aubrac"]
[Date "2008.07.13"]
[Round "1"]
[White "Lagunes, Jean Renaud"]
[Black "Cuq, Christian"]
[Result "1-0"]
[WhiteElo "2047"]
[BlackElo "1680"]
[PlyCount "39"]
[EventDate "2008.07.13"]
[EventType "swiss"]
[EventRounds "9"]
[EventCountry "FRA"]
[SourceTitle "CBM 125 Extra"]
[Source "ChessBase"]
[SourceDate "2008.09.01"]
[SourceVersion "1"]
[SourceVersionDate "2008.09.01"]
[SourceQuality "1"]

1. e4 d5 2. exd5 Qxd5 3. Nc3 Qa5 4. d4 Bf5 5. Nf3 e6 6. Bd2 c6 7. Bc4 Nf6 8. Nd5 Qd8 9. Nxf6+ Qxf6 10. Qe2 Nd7 11. 0-0-0 Nb6 12. h4 Bg4 13. d5 Nxc4 14. Qxc4 Bxf3 15. gxf3 Qxf3 16. dxe6 f6 17. e7 Bxe7 18. Rhe1 Qd5 19. Rxe7+ Kxe7 20. Bb4+ 1-0

[Event "St Chely d'Aubrac op 7th"]
[Site "St Chely d'Aubrac"]
[Date "2007.07.17"]
[Round "5"]
[White "Cuq, Christian"]
[Black "Boulier, Rene"]
[Result "0-1"]
[WhiteElo "1720"]
[BlackElo "1971"]
[PlyCount "96"]
[EventDate "2007.07.07"]
[EventType "swiss"]
[EventRounds "9"]
[EventCountry "FIN"]
[SourceTitle "EXT 2008"]
[Source "ChessBase"]
[SourceDate "2007.11.25"]
[SourceVersion "1"]
[SourceVersionDate "2007.11.25"]
[SourceQuality "1"]

1. e4 e6 2. Nf3 Nc6 3. Bb5 a6 4. Bxc6 bxc6 5. 0-0 d5 6. d3 Rb8 7. b3 Be7 8. Ba3 Bxa3 9. Nxa3 Qd6 10. Qc1 e5 11. c4 d4 12. c5 Qe7 13. Nc4 f6 14. Ncd2 Nh6 15. a3 a5 16. Rb1 Be6 17. b4 axb4 18. axb4 0-0 19. Rb2 Qf7 20. Qc2 Qh5 21. Re1 g5 22. Nf1 g4 23. Ng3 Qg6 24. Nf5 Bxf5 25. Nh4 Qg5 26. Nxf5 Nxf5 27. exf5 Qxf5 28. Re4 h5 29. Qd1 Ra8 30. h3 gxh3 31. g3 Kf7 32. Rh4 Rh8 33. Kh2 Ra3 34. Re4 Rha8 35. Qe2 Ra1 36. f4 Re8 37. Qf2 Ra3 38. Qc2 Rc3 39. Qe2 Qg4 40. fxe5 Qxe2+ 41. Rbxe2 Rxd3 42. exf6 Rxe4 43. Rxe4 Kxf6 44. Kxh3 Kf5 45. Re8 Rd1 46. Re7 d3 47. Rxc7 d2 48. Rd7 Rh1+ 0-1